| 000 | 00497nam a2200157 4500 | ||
|---|---|---|---|
| 001 | 148003 | ||
| 003 | ES-MaACL | ||
| 005 | 20230906202358.0 | ||
| 007 | t| | ||
| 008 | 070214s1961 xxu r ||||1| eng d | ||
| 245 | 0 | 0 |
_aSport U.S.A. _b: the best from The Saturday Evening Post / _cedited by Harry T. Paxton. |
| 260 |
_aNew York : _bThomas Nelson and Sons, _c1961. |
||
| 300 |
_aX, 463 p., 8 lám. : _bil. ; _c26 cm. |
||
| 700 | 1 |
_aPaxton, Harry T. _989702 |
|
| 852 |
_aES-MaACL _jC-23995 _bR.52917 |
||
| 999 |
_c148003 _d148003 |
||